1967 steam charts (Record no. 20544)

000 -LEADER
fixed length control field 00500nam a22001931 4500
001 - CONTROL NUMBER
control field 20544
003 - CONTROL NUMBER IDENTIFIER
control field BD-DhUET
008 - FIXED-LENGTH DATA ELEMENTS--GENERAL INFORMATION
fixed length control field 700914s1968 nyua 000 0 eng
020 ## - INTERNATIONAL STANDARD BOOK NUMBER
International Standard Book Number 0713130458
040 ## - CATALOGING SOURCE
Original cataloging agency DLC
Transcribing agency DLC
Modifying agency BD-DhUET
082 ## - DEWEY DECIMAL CLASSIFICATION NUMBER
Classification number 621.101084
Item number ELE/1967
110 ## - MAIN ENTRY--CORPORATE NAME
Corporate name or jurisdiction name as entry element Electrical Research Association
245 10 - TITLE STATEMENT
Title 1967 steam charts
250 ## - EDITION STATEMENT
Edition statement 1st ed.
260 ## - PUBLICATION, DISTRIBUTION, ETC. (IMPRINT)
Place of publication, distribution, etc. London
Name of publisher, distributor, etc. Edward Arnold
Date of publication, distribution, etc. 1967
300 ## - PHYSICAL DESCRIPTION
Extent vii, 64 p. (chiefly illus., part col.)
Dimensions 31 cm.
650 #0 - SUBJECT ADDED ENTRY--TOPICAL TERM
Topical term or geographic name as entry element Steam
942 ## - ADDED ENTRY ELEMENTS (KOHA)
Koha item type Corporate Publication
Holdings
Copy number Price effective from Location (home branch) Piece designation (barcode) Date acquired Lost status Source of classification or shelving scheme Koha full call number Koha normalized classification for sorting Withdrawn status Not for loan Koha date last seen Shelving location Sublocation or collection (holding branch) Koha item type Damaged status
12015-04-12Central Library, BUET182952015-04-12  621.101084/ELE/1967621_101084000000000_ELE_1967  2015-04-12Circulation sectionCentral Library, BUETCorporate Publication 
22015-04-12Central Library, BUET182932015-04-12  621.101084/ELE/1967621_101084000000000_ELE_1967  2015-04-12Circulation sectionCentral Library, BUETCorporate Publication 
32015-04-12Central Library, BUET131662015-04-12  621.101084/ELE/1967621_101084000000000_ELE_1967  2015-04-12Circulation sectionCentral Library, BUETCorporate Publication 
42015-04-12Central Library, BUET131622015-04-12  621.101084/ELE/1967621_101084000000000_ELE_1967  2015-04-12Circulation sectionCentral Library, BUETCorporate Publication 
52015-04-12Central Library, BUET182972015-04-12  621.101084/ELE/1967621_101084000000000_ELE_1967  2015-04-12Circulation sectionCentral Library, BUETCorporate Publication 
62015-04-12Central Library, BUET182962015-04-12  621.101084/ELE/1967621_101084000000000_ELE_1967  2015-04-12Circulation sectionCentral Library, BUETCorporate Publication 
72015-04-12Central Library, BUET182942015-04-12  621.101084/ELE/1967621_101084000000000_ELE_1967  2015-04-12Circulation sectionCentral Library, BUETCorporate Publication 
82015-04-12Central Library, BUET183002015-04-12  621.101084/ELE/1967621_101084000000000_ELE_1967  2015-04-12Circulation sectionCentral Library, BUETCorporate Publication 
92015-04-12Central Library, BUET131632015-04-12  621.101084/ELE/1967621_101084000000000_ELE_1967  2015-04-12Circulation sectionCentral Library, BUETCorporate Publication 
102015-04-12Central Library, BUET182992015-04-12  621.101084/ELE/1967621_101084000000000_ELE_1967  2015-04-12Circulation sectionCentral Library, BUETCorporate Publication 
112015-04-12Central Library, BUET131652015-04-12  621.101084/ELE/1967621_101084000000000_ELE_1967  2015-04-12Circulation sectionCentral Library, BUETCorporate Publication 
122015-04-12Central Library, BUET183022015-04-12  621.101084/ELE/1967621_101084000000000_ELE_1967  2015-04-12Circulation sectionCentral Library, BUETCorporate Publication 
132015-04-12Central Library, BUET183012015-04-12  621.101084/ELE/1967621_101084000000000_ELE_1967  2015-04-12Circulation sectionCentral Library, BUETCorporate Publication